000 00289nam a22001217a 4500
008 181106b xxu||||| |||| 00| 0 eng d
041 _aeng
080 _a610
100 _a4
101 _aSHM
245 _aTheoretical Principles of Psychosomatic Medicine
_cKurstin,I.T
942 _2udc
_cBK
999 _c51953
_d51953